La collection Road to the FIFA World Cup de FIFA 23 - Statistiques

Statistiques générales
  • Ce quiz a été pris 214 fois
  • Le résultat moyen est 6 sur 10
Statistiques - réponses
Poste + Pays Joueur Note % Correct
Ailier Gauche - Corée du Sud Heung Min Son 91
99%
Buteur - France Kylian Mbappe 93
99%
Milieu Central - Croatie Luka Modric 90
98%
Buteur - Uruguay Luis Suarez 89
93%
Buteur - Allemagne Timo Werner 86
41%
Milieu Central - Pays-Bas Georginio Wijnaldum 88
39%
Avant Centre - Belgique Dries Mertens 86
31%
Défenseur Central - Angleterre Ben White 87
26%
Ailier Droit - Mexique Jesus Manuel Corona 85
25%
Milieu Central - Portugal Ruben Neves 86
13%
Aucun quiz correspondant
Distribution des résultats
% des personnes avec chaque résultat
Percentile par nombre de réponses
Votre historique - résultats
Vous n’avez pas pris ce quiz